Didáctica para maestras.

Bibliographic Details
Main Author: Zufiaurre Goikoetxea, Benjamín
Other Authors: Gabari Gambarte, María Inés
Format: Libro
Language:English
Published: Madrid, España CCS 2000
Series:Campus 16
Subjects:
Online Access:

MARC

LEADER 00000cam a2200000 a 4500
001 015052
003 UAHC_CL
005 20170803121215.0
008 010822b xx j 000 1 eng
020 |a 8483162814 
040 |a UAHC_CL  |c UAHC_CL  |d UAHC_CL 
100 1 |a Zufiaurre Goikoetxea, Benjamín 
245 1 0 |a Didáctica para maestras. 
260 |b CCS  |c 2000  |a Madrid, España 
300 |a 236 p. 
490 0 |a Campus  |v 16 
650 4 |a PEDAGOGIA 
650 4 |a EDUCACION 
650 4 |a APRENDIZAJE 
650 4 |a CURRICULUM 
650 4 |a MAESTROS 
700 1 |a Gabari Gambarte, María Inés 
900 |a 371.102 ZUF 
942 |c BK 
952 |0 0  |1 0  |4 0  |6 371_102000000000000_ZUF  |7 0  |8 General  |9 30088  |a BC  |b BC  |c General  |d 2017-08-03  |o 371.102 ZUF  |p 1303129  |r 2026-01-13 00:00:00  |t 1  |w 2017-08-03  |y BK 
999 |c 15052  |d 15052